| 000 | 00604nam a2200229Ia 4500 | ||
|---|---|---|---|
| 003 | OSt | ||
| 005 | 20220928131341.0 | ||
| 006 | a|||||r|||| 00| 0 | ||
| 007 | ta | ||
| 008 | 220927b |||||||| |||| 00| 0 eng d | ||
| 024 | _a40720 | ||
| 037 | _cTextual | ||
| 040 |
_aSDCL _cSDCL _beng |
||
| 041 |
_2eng _aeng |
||
| 082 | _aX62:(Z2)'N8, N0 | ||
| 100 |
_aSuneja H R _9429484 |
||
| 245 | 0 | _aPractice and law of banking. | |
| 260 |
_aBombay _bHimalaya Publishing _c1990 |
||
| 300 |
_axxiv,597p _ccm. |
||
| 942 |
_hX62:(Z2)'N8, N0 _cTEXL _2CC |
||
| 999 |
_c790284 _d790284 |
||